LIBRARY & INFORMATION CENTRE, KCAET, TAVANUR

ONLINE PUBLIC ACCESS CATALOGUE (OPAC)

Concrete Technology:Theory and Practice (Record no. 14345)

MARC details
000 -LEADER
fixed length control field 00343nam a22001337a 4500
020 ## - INTERNATIONAL STANDARD BOOK NUMBER
ISBN 9781259062551
082 ## - DEWEY DECIMAL CLASSIFICATION NUMBER
Classification number 624.1821
Item number GAM/CO
100 ## - MAIN ENTRY--AUTHOR NAME
Personal name Gambhir,M.L
245 ## - TITLE STATEMENT
Title Concrete Technology:Theory and Practice
250 ## - EDITION STATEMENT
Edition statement 5 th
260 ## - PUBLICATION, DISTRIBUTION, ETC. (IMPRINT)
Place of publication New Delhi
Name of publisher McGraw Hill Educatin(India)Private Limited
Year of publication 2013
300 ## - PHYSICAL DESCRIPTION
Number of Pages 774
942 ## - ADDED ENTRY ELEMENTS (KOHA)
Koha item type Books
Holdings
Withdrawn status Lost status Damaged status Collection code Home library Current library Shelving location Date acquired Source of acquisition Cost, normal purchase price Full call number Accession Number Koha item type
        KAUAET KAUAET General Stacks 17/06/2016 Aman Book Stall Calicut 495.00 624.1821 GAM/CO 24636 Books
free website counter